| 000 | 00925nam a22003137a 4500 | ||
|---|---|---|---|
| 001 | 7938 | ||
| 003 | FISKH | ||
| 005 | 20260401105931.0 | ||
| 008 | 250814b cb ||||| |||| 00| 0 eng d | ||
| 020 | _a9781589529144 | ||
| 040 |
_aFISKH _beng _cFISKH _dFISKH |
||
| 050 | _aLB1573.3 .L436 | ||
| 082 | _a813.6 | ||
| 100 | _aLeaney, Cindy | ||
| 245 |
_aNice News / _cBy Cindy Leanet ; Illustrated by Sue King and Peter Wilks |
||
| 250 | _aThis edition first published in 2004 | ||
| 260 |
_aVero Beach : _bRourke, _c2004 |
||
| 300 |
_a24 pages : _bcolor illustrations ; _c19 cm |
||
| 505 | _aE | ||
| 520 | _aA brief rhyming story and pictures introduce the "n" sound. | ||
| 521 | 8 |
_a200
_bLexile |
|
| 521 | 8 |
_aE
_bRaz-plus |
|
| 650 |
_2News _aNice |
||
| 650 |
_2New Things _aNick's Story |
||
| 700 |
_aWilks, Peter _dillustrator |
||
| 700 |
_aKing, Sue _dillustrator |
||
| 942 |
_2ddc _cBK _n0 |
||
| 999 |
_c7938 _d7938 |
||